00354nam a2200145Ia 4500008004100000020001500041041001200056082001100068100001400079245004400093260003600137300000800173650001200181700001500193221030s9999 xx 000 0 und d a8182471109 aEnglish a105.23 aK. Jaidka 0aEnglish & Communication Skills Part - 2 bAbhishek PubaChanidigarhc2008 a171 aEnglish aA. Dhillon